Japanese Professional Baseball (NPB) all-time homerun records - Statistics

General Stats
  • This quiz has been taken 118 times
  • The average score is 10 of 20
Answer Stats
Rank Year Homeruns Name % Correct
1 1959-80 868 Sadaharu Oh
98%
14 2003- 446 Takeya Nakamura
76%
19 1992-14 404 Norihiro Nakamura
74%
2 1954-80 657 Katsuya Nomura
66%
15 1958-74 444 Shigeo Nagashima
65%
5 1986-08 525 Kazuhiro Kiyohara
59%
3 1970-92 567 Hiromitsu Kadota
58%
6 1979-98 510 Hiromitsu Ochiai
55%
4 1969-86 536 Koji Yamamoto
50%
10 1992-12 476 Tomoaki Kanemoto
49%
18 2001-19 406 Shinnosuke Abe
43%
7 1959-81 504 Isao Harimoto
42%
20 1989-13 403 Takeshi Yamasaki
38%
7 1965-87 504 Sachio Kinugasa
36%
17 1994-12 413 Yuki Kokubo
36%
16 1981-02 437 Koji Akiyama
32%
11 1969-84 474 Koichi Tabuchi
30%
13 1996-09 464 Tuffy Rhodes
27%
9 1965-83 486 Katsuo Osugi
25%
12 1962-81 465 Masahiro Doi
20%
No matching quizzes found
Score Distribution
Percent of People with Each Score
Percentile by Number Answered
Your Score History
You have not taken this quiz